| 000 | 00000nam 2200000za 4500 |
| 001 | 9.811344 |
| 003 | CaOODSP |
| 005 | 20250207165748 |
| 007 | cr ||||||||||| |
| 008 | 160216s1978 oncab||fo f001 0 eng d |
| 020 | |z0-660-10104-1 |
| 040 | |aCaOODSP|beng |
| 043 | |an-cn---|an-us-ak |
| 086 | 1 |aA42-42/1978-5E-PDF|zA42-42/1978-5 |
| 100 | 1 |aDondale, Charles D. |
| 245 | 14|aThe crab spiders of Canada and Alaska |h[electronic resource] : |bAraneae: Philodromidae and Thomisidae / |cCharles D. Dondale and James H. Redner. |
| 260 | |aOttawa : |bResearch Branch, Canada Department of Agriculture, |c1978. |
| 300 | |a255 p. : |bill., maps. |
| 490 | 1 |aThe insects and arachnids of Canada ; |vpart 5 |
| 504 | |aIncludes bibliographic references and index. |
| 692 | 07|2gccst|aArachnids |
| 700 | 1 |aRedner, James H. |
| 710 | 1 |aCanada. |bDepartment of Agriculture. |bResearch Branch. |
| 830 | #0|aThe insects and arachnids of Canada ;|vpt. 5|w(CaOODSP)9.811273 |
| 856 | 40|qPDF|s16.35 MB |uhttps://publications.gc.ca/collections/collection_2016/aac-aafc/agrhist/A42-42-1978-5-eng.pdf |
| 986 | |aPublication 1663 |